[Event "Southend Easter U1900 op 67th"]
[Site "Southend"]
[Date "2025.04.20"]
[Round "6"]
[White "Newton, Colin"]
[Black "Saxena, Advik"]
[Result "0-1"]
[WhiteElo "1733"]
[BlackElo "1787"]
[PlyCount "34"]
[EventDate "2025.04.18"]
[EventType "swiss"]
[EventRounds "7"]
[EventCountry "ENG"]
[SourceTitle "CB18_2025"]
[SourceDate "2025.04.30"]
[SourceVersion "1"]
[SourceVersionDate "2025.04.30"]
[SourceQuality "1"]

1. Nc3 e5 2. Nf3 Nc6 3. e3 d5 4. b3 Nf6 5. Bb2 Bd6 6. Be2 Be6 7. 0-0 0-0 8. d3 Qd7 9. e4 Rad8 10. exd5 Nxd5 11. Nxd5 Bxd5 12. Qd2 e4 13. dxe4 Bxe4 14. Rfe1 Bxf3 15. Qg5 f6 16. Qh4 Bxe2 17. Rxe2 Rfe8 0-1

[Event "Southend Easter U1900 op 67th"]
[Site "Southend"]
[Date "2025.04.19"]
[Round "4"]
[White "Lin, William3"]
[Black "Newton, Colin"]
[Result "1-0"]
[WhiteElo "1638"]
[BlackElo "1733"]
[PlyCount "107"]
[EventDate "2025.04.18"]
[EventType "swiss"]
[EventRounds "7"]
[EventCountry "ENG"]
[SourceTitle "CB18_2025"]
[SourceDate "2025.04.30"]
[SourceVersion "1"]
[SourceVersionDate "2025.04.30"]
[SourceQuality "1"]

1. e4 d6 2. d4 Nf6 3. Nc3 g6 4. f4 Bg7 5. Nf3 Nc6 6. h3 0-0 7. Bb5 e6 8. 0-0 a6 9. Bxc6 bxc6 10. Be3 a5 11. Qe1 Ba6 12. Rf2 Rb8 13. Rb1 Nd7 14. g4 Qe8 15. Rg2 d5 16. e5 Nb6 17. b3 Qd7 18. Ne2 Bxe2 19. Qxe2 a4 20. Qd3 axb3 21. cxb3 Ra8 22. Rc1 Rfb8 23. Qc3 Ra7 24. Qxc6 Qxc6 25. Rxc6 Nc8 26. Rcc2 Ne7 27. Nh4 f5 28. g5 Bf8 29. Nf3 Nc8 30. Bd2 Bb4 31. Re2 Ne7 32. Bxb4 Rxb4 33. Kf2 c6 34. Ke3 Rb6 35. Nd2 Rba6 36. Nb1 Rc7 37. a4 Rb6 38. Rc3 Rcb7 39. Rb2 Rb4 40. a5 Ra7 41. Rc5 Rb5 42. Rxb5 cxb5 43. b4 Rc7 44. Kd3 Nc6 45. Na3 Na7 46. Nc2 Kf7 47. Rb1 Rc8 48. h4 Kg7 49. Ra1 Rb8 50. a6 Nc6 51. a7 Ra8 52. Ra6 Nxa7 53. Na3 Kf7 54. Nxb5 1-0